Effective strategies for rural developement. (Record no. 982)

MARC details
000 -LEADER
fixed length control field 00548cam a2200205ua 4500
001 - CONTROL NUMBER
control field 1066
005 - DATE AND TIME OF LATEST TRANSACTION
control field 20260515113254.0
008 - FIXED-LENGTH DATA ELEMENTS--GENERAL INFORMATION
fixed length control field 110427n ii |||gr||||Z||||||eng
020 ## - INTERNATIONAL STANDARD BOOK NUMBER
International Standard Book Number 978-81-8370-150-1
040 ## - CATALOGING SOURCE
Transcribing agency MAIN
082 ## - DEWEY DECIMAL CLASSIFICATION NUMBER
Classification number 343.0745
245 1# - TITLE STATEMENT
Title Effective strategies for rural developement.
Statement of responsibility, etc. By E D Setty.
250 ## - EDITION STATEMENT
Edition statement 1st.
260 ## - PUBLICATION, DISTRIBUTION, ETC.
Place of publication, distribution, etc. New Delhi.:
Name of publisher, distributor, etc. Akangsha.,
Date of publication, distribution, etc. 2008.
300 ## - PHYSICAL DESCRIPTION
Extent 410 p.:
Dimensions 20 cm.
653 ## - INDEX TERM--UNCONTROLLED
Uncontrolled term Political science.
653 ## - INDEX TERM--UNCONTROLLED
Uncontrolled term Effective strategies for rural developement.
700 1# - ADDED ENTRY--PERSONAL NAME
Personal name Setty, E D.,
942 ## - ADDED ENTRY ELEMENTS (KOHA)
Koha item type Books
Holdings
Withdrawn status Lost status Damaged status Not for loan Home library Current library Shelving location Date acquired Total checkouts Full call number Barcode Date last seen Copy number Price effective from Koha item type
        Naharkatiya College Library Naharkatiya College Library General stacks 09/19/2020   343.0745 | SET 17569 09/19/2020 1 09/19/2020 Books